00366nam a2200133Ia 4500003000400000005001700004008004100021040000900062082001500071100002100086245005900107260005700166300000900223OSt20200120123122.0190216s9999||||xx |||||||||||||| ||und|| coclc a658bDAV/B a Davar, Sohrab R 0aBusiness Organisation And Management /cSohrab R Davar bProgressive Corperation Private Ltd,c1977.aBombay: a991p